|
|
|
|
| LEADER |
00000nam0a2200000 4500 |
| 001 |
258122 |
| 005 |
20231101233251.0 |
| 020 |
|
|
|a RU
|b 88-8607
|
| 035 |
|
|
|a (RuTPU)RU\TPU\book\280960
|
| 090 |
|
|
|a 258122
|
| 100 |
|
|
|a 20140423d1988 k a0rusy5003 ca
|
| 101 |
0 |
|
|a rus
|
| 102 |
|
|
|a RU
|
| 105 |
|
|
|a y z 001zy
|
| 200 |
1 |
|
|a ЭВМ в обучении иностранным языкам в вузе
|f Э. Л. Носенко
|
| 210 |
|
|
|a Москва
|c Высшая школа
|d 1988
|
| 215 |
|
|
|a 102 с.
|
| 225 |
1 |
|
|a Библиотека преподавателя
|
| 320 |
|
|
|a Библиогр. в примеч.: с. 95-103.
|
| 606 |
1 |
|
|a Высшее образование в целом
|2 stltpush
|3 (RuTPU)RU\TPU\subj\70411
|9 84678
|
| 606 |
1 |
|
|a Английский язык
|2 stltpush
|3 (RuTPU)RU\TPU\subj\29049
|9 52461
|
| 610 |
1 |
|
|a обучающие машины
|
| 610 |
1 |
|
|a программированное обучение
|
| 610 |
1 |
|
|a преподавание
|
| 610 |
1 |
|
|a высшая школа
|
| 610 |
1 |
|
|a технические средства
|
| 610 |
1 |
|
|a использование
|
| 610 |
1 |
|
|a методика
|
| 686 |
|
|
|a Ч481.23
|2 rubbk
|
| 686 |
|
|
|a Ш143.21-923
|2 rubbk
|
| 700 |
|
1 |
|a Носенко
|b Э. Л.
|g Элеонора Львовна
|
| 801 |
|
0 |
|a RU
|b RuMRKP
|c 19950417
|g psbo
|
| 801 |
|
1 |
|a RU
|b 63413507
|c 20140423
|
| 801 |
|
2 |
|a RU
|b 63413507
|c 20150724
|g RCR
|
| 942 |
|
|
|c BK
|